000 00327nam a2200157Ia 4500
100 _aGood/Paul
650 _aGeneral
942 _cRB
654 _aThe individual
245 _aThe individual
260 _bTime-life international
_aSpain
_c1976
082 _a150
_bTim
300 _a176
546 _aENGLISH
999 _c24980
_d24980